Potter Characters by Spellcasting Quiz Stats

 Plays Quiz Updated Oct 9, 2018

Score 0/28 Timer 07:00
8 Plays Today
Range Character % Correct
0:00-0:05Hermione Granger
98.6%
0:06-0:15Minerva McGonagall
84.8%
0:29-0:36Seamus Finnigan
76.3%
0:16-0:22Luna Lovegood
76%
0:43-0:48Cho Chang
70.9%
1:36-1:42Neville Longbottom
70.5%
0:37-0:42(Crouch Jr. as) Alastor Moody
69.5%
2:12-2:18Ron Weasley
68.5%
2:26-2:34Remus Lupin
67.3%
3:21-3:45Harry Potter
67.2%
2:06-2:11Filius Flitwick
65.5%
1:00-1:06Peter Pettigrew
65.1%
3:00-3:07Severus Snape
65%
3:14-3:20Albus Dumbledore
64.5%
Range Character % Correct
0:49-0:59Barty Crouch Jr.
61.9%
2:35-2:42Bellatrix Lestrange
61.5%
1:13-1:21Dolores Umbridge
54.6%
1:07-1:12George Weasley
54.2%
2:43-2:52Gilderoy Lockhart
52.6%
1:29-1:35Ginny Weasley
52.2%
0:23-0:28James Potter
48.8%
2:19-2:25Parvati Patil
45.5%
1:43-1:50Draco Malfoy
41%
1:22-1:28Cedric Diggory
35.1%
3:08-3:13Lord Voldemort
33%
1:51-1:59Lucius Malfoy
30.3%
2:53-2:59Tom Riddle
25.6%
2:00-2:05Viktor Krum
19.9%

You're not logged in!

Compare scores with friends on all Sporcle quizzes.
OR
Log In

You Might Also Like...

Show Comments

Extras

Top Quizzes Today


Score Distribution

Your Account Isn't Verified!

In order to create a playlist on Sporcle, you need to verify the email address you used during registration. Go to your Sporcle Settings to finish the process.

Report this User

Report this user for behavior that violates our Community Guidelines.

Details: